书目信息 |
| 题名: |
有机蔬菜科学用药与施肥技术
|
|
| 作者: | 王迪轩 主编 | |
| 分册: | ||
| 出版信息: | 北京 化学工业出版社 2019 |
|
| 页数: | 291页 | |
| 开本: | 21cm | |
| 丛书名: | ||
| 单 册: | ||
| 中图分类: | S436.3 , S630.6 | |
| 科图分类: | ||
| 主题词: | 蔬菜--Shu Cai--农药施用--无污染技术 , 蔬菜--Shu Cai--施肥--无污染技术 | |
| 电子资源: | ||
| ISBN: | 978-7-122-24281-5 | |
| 000 | 01144nam0 2200289 45 | |
| 001 | 012001003595 | |
| 005 | 20191204141553.93 | |
| 010 | @a978-7-122-24281-5@dCNY28.00 | |
| 099 | @aCAL 012015139287 | |
| 100 | @a20151009d2015 em y0chiy50 ea | |
| 101 | 0 | @achi |
| 102 | @aCN@b110000 | |
| 105 | @aafk a 000yy | |
| 106 | @ar | |
| 200 | 1 | @a有机蔬菜科学用药与施肥技术@AYou Ji Shu Cai Ke Xue Yong Yao Yu Shi Fei Ji Shu@f王迪轩主编 |
| 205 | @a第2版 | |
| 210 | @a北京@c化学工业出版社@d2019 | |
| 215 | @a291页@c彩图@d21cm | |
| 320 | @a有书目 | |
| 330 | @a本书在第一版的基础上, 详细介绍了有机蔬菜生产适用的植物源杀虫 (杀菌) 剂、微生物源杀虫 (杀菌) 剂、活体动物杀虫剂、海洋生物杀菌剂、矿物源杀菌剂及其他防病杀虫药剂和设施的主要特点、作用机理、应用技术及注意事项, 有机蔬菜生产适用的有机肥料、生物有机肥、无机 (矿质) 肥料及其他肥料的性质、特点、制作方法、应用技术及注意事项。 | |
| 606 | 0 | @a蔬菜@AShu Cai@x农药施用@x无污染技术 |
| 606 | 0 | @a蔬菜@AShu Cai@x施肥@x无污染技术 |
| 690 | @aS436.3@v5 | |
| 690 | @aS630.6@v5 | |
| 701 | 0 | @a王迪轩@AWang Dixuan@4主编 |
| 801 | 0 | @aCN@b北京卓展@c20191020 |
| 905 | @b1212227-30@dS436.3@e162=2@f4 | |
| 有机蔬菜科学用药与施肥技术/王迪轩主编.-第2版.-北京:化学工业出版社,2019 |
| 291页:彩图;21cm |
| ISBN 978-7-122-24281-5:CNY28.00 |
| 本书在第一版的基础上, 详细介绍了有机蔬菜生产适用的植物源杀虫 (杀菌) 剂、微生物源杀虫 (杀菌) 剂、活体动物杀虫剂、海洋生物杀菌剂、矿物源杀菌剂及其他防病杀虫药剂和设施的主要特点、作用机理、应用技术及注意事项, 有机蔬菜生产适用的有机肥料、生物有机肥、无机 (矿质) 肥料及其他肥料的性质、特点、制作方法、应用技术及注意事项。 |
| ● |
| 相关链接 |
|
|
|
|
正题名:有机蔬菜科学用药与施肥技术
索取号:S436.3/162=2
 
预约/预借
| 序号 | 登录号 | 条形码 | 馆藏地/架位号 | 状态 | 备注 |
| 1 | 1212227 | 212122273 | 第二样本阅览室/ [索取号:S436.3/162=2] | 在馆 | |
| 2 | 1212228 | 212122282 | 第三借阅区/ [索取号:S436.3/162=2] | 在馆 | |
| 3 | 1212229 | 212122291 | 第三借阅区/ [索取号:S436.3/162=2] | 在馆 | |
| 4 | 1212230 | 212122308 | 第三借阅区/ [索取号:S436.3/162=2] | 在馆 |